00669cam a2200181 a 450000100100000000500170001000800410002704000250006808200190009310000300011224501010014226000440024330000410028750000400032865000380036865000460040660000350045200000749720240313182408.0810109s1934 cl ab 000 0bspa  aDO-SdBNPbspacBNPHU a970.015bB816e1 aBranchi, E. C. E.,d1883-14aLos enigmas de Colón :bAmérica fué descubierta el 13 de octubre de 1492 /cE. C. Branchi. aSantiago, (Chile) :bNascimento,c1934. a154 p. :bil., map, diagr. ;c19 cm. aErratas": antideslizante insertada. 4aAméricaxDescripciones y viajes 4aAméricaxDescubrimiento y exploraciones 0aCOLÓN, CRISTOBAL,d1436-1456